000 00781cab a2200253 4500
001 ABS51461
008 090401t1994 xxu||||| |||| 00| 0 eng d
035 _a(Sirsi) u28330
041 _aeng
100 _aChesman, G.
245 _aRestrictive covenants - an update
260 _c1994
350 _a0
490 _aJournal of Planning and Environment Law
_vSeptember 1994, 783-791(9)
520 _aOverview of the law relating to restrictive covenants since 1984.
650 _aHOUSING ACT 1985 S609
650 _aLAW OF PROPERTY ACT 1925 S84
650 _aRESTRICTIVE COVENANTS
650 _aTOWN AND COUNTRY PLANNING ACT 1962 S37
650 _aTOWN AND COUNTRY PLANNING ACT 1971 S52
690 _aPROPERTY LAW AND PRACTICE
942 _n0
948 _c04/03/1997
999 _c19091
_d19091